| 000 | 00377nam a2200145Ia 4500 | ||
|---|---|---|---|
| 008 | 240624s9999 xx 000 0 und d | ||
| 041 | _aeng | ||
| 082 | _a003 BAN | ||
| 100 | _aBANKS JERRY | ||
| 245 | _aDISCRETE EVENT SYSTEM SIMULATION | ||
| 250 | _a(4th ed.) | ||
| 260 |
_c2008 _aNew Delhi _bPrentice-Hall of India |
||
| 300 | _axvi, : 608 : p. : cm. ; 23 | ||
| 365 |
_cRS _b36 |
||
| 999 |
_c11319 _d11319 |
||